| 000 | 00386nam a22001457a 4500 | ||
|---|---|---|---|
| 999 |
_c8926 _d8926 |
||
| 003 | GBCCL | ||
| 005 | 20241126110701.0 | ||
| 008 | 220201b ||||| |||| 00| 0 eng d | ||
| 040 | _cgbc | ||
| 082 |
_aSOU HON _b2020 |
||
| 245 |
_aHon domsang : _bEBC Dorcas platinum jubilee 1950-2020 souvenir |
||
| 260 |
_aLamka: _bEBC Dorcas fellowship, _c2021 |
||
| 300 | _a248p. ; | ||
| 942 |
_2ddc _cARCH |
||